00572nam a2200193 a 4500001001000000003000400010005001700014008004100031040002500072082002700097100001700124245006200141260006800203300002100271500004000292500001800332650001600350650001200366000033260OSt20250519123339.0110823s1944 dr r 000 0 spa d aDO-SdBNPbspacBNPHU74a618.2bC678c, 19442221 aCohen, R. R.10aCuestiones obstétricas :bestadística /cR. R. Cohen. aCiudad Trujillo, República Dominicana :bLa opinión,c1944. a183 p. ;c20 cm. aIncluye índice de autores citados aSegunda serie 4aObstetricia 0aEmbrazo